Tô Hoài về tác gia và tác phẩm
Cuốn sách Tô Hoài, về tác gia và tác phẩm gồm các bài nghiên cứu, phê bình, giới thiệu về Tô Hoài chia làm các chủ đề: Tô Hoài, sáu mươi năm viết, Tô Hoài-Văn và đời, Trên hành trình 60 năm, Viết cho thiếu nhi, Tô Hoài-chuyện nghề...
Đã lưu trong:
| 主要作者: | |
|---|---|
| 格式: | 圖書 |
| 語言: | Undetermined |
| 出版: |
H.
Gíao dục
2007
|
| 主題: | |
| 標簽: |
添加標簽
沒有標簽, 成為第一個標記此記錄!
|
| Thư viện lưu trữ: | Trung tâm Học liệu Trường Đại học Cần Thơ |
|---|
| LEADER | 00974nam a2200217Ia 4500 | ||
|---|---|---|---|
| 001 | CTU_131797 | ||
| 008 | 210402s9999 xx 000 0 und d | ||
| 020 | |c 149000 | ||
| 082 | |a 895.9228309 | ||
| 082 | |b T450 | ||
| 100 | |a Tô Hoài | ||
| 245 | 0 | |a Tô Hoài về tác gia và tác phẩm | |
| 245 | 0 | |c Phong Lê | |
| 260 | |a H. | ||
| 260 | |b Gíao dục | ||
| 260 | |c 2007 | ||
| 520 | |a Cuốn sách Tô Hoài, về tác gia và tác phẩm gồm các bài nghiên cứu, phê bình, giới thiệu về Tô Hoài chia làm các chủ đề: Tô Hoài, sáu mươi năm viết, Tô Hoài-Văn và đời, Trên hành trình 60 năm, Viết cho thiếu nhi, Tô Hoài-chuyện nghề | ||
| 650 | |a vietnamese literature,Văn học Việt Nam | ||
| 650 | |x history and criticism,Lịch sử và phê bình | ||
| 904 | |i Năm | ||
| 980 | |a Trung tâm Học liệu Trường Đại học Cần Thơ | ||